Statistiques concernant Culture Générale - Série 2259

Cliquez ici pour prendre le quiz!

Statistiques générales

  • Ce quiz a été pris 83 fois
  • Le résultat moyen est 3 sur 10

Statistiques - réponses

QuestionRéponse% Correct
Ce site emblématique de Saône-et-Loire, situé à 8 km à l'ouest de Mâcon s'appelle : " la roche de ... voir photoSolutré
69%
Quelle rivière traverse la ville de Tournus (71) ?Saône
60%
Repousser (un raisonnement) en prouvant sa fausseté - 7 lettres commençant par " r "réfuter
41%
Dans le roman "Les misérables" de Victor Hugo, comment s'appelle la soeur de Gavroche, aînée des Thénardier, amoureuse de Marius ?Eponine
30%
Chaume laissé sur place après la moissonéteule
26%
Quelle commune de l'Yonne abrite une basilique du XIIe siècle ?Vézelay
20%
Quelles friandises sont élaborées à Flavigny-sur-Ozerain en Bourgogne ?anis
16%
La loure est un instrument de musique genre cornemuse, mais aussi une ....danse
6%
Fromage typique de Bourgogne fabriqué à partir de lait de vache cru ou pasteurisé - 12 lettres commençant par " s "soumaintrain
6%
Dans le film "Goupi mains rouges" de Jacques Becker de 1943, quel acteur (initiales "FL") interprète "Main rouge" ? prénom et nomFernand Ledoux
4%

Distribution des résultats

Percentile par nombre de réponses

% des personnes avec chaque résultat

Votre développement - résultats

Vous n’avez pas pris ce quiz